[Event "FRA Cup"]
[Site "Hautes Pyrenees"]
[Date "2002.12.15"]
[Round "1"]
[White "Susini, Yannick"]
[Black "Gossieaux, Benoit"]
[Result "1/2-1/2"]
[WhiteElo "1199"]
[BlackElo "1230"]
[PlyCount "94"]
[EventDate "2002.12.15"]
[EventType "team"]
[EventRounds "3"]
[EventCountry "FRA"]
[SourceTitle "EXT 2004"]
[Source "ChessBase"]
[SourceDate "2003.11.25"]
[SourceVersion "1"]
[SourceVersionDate "2003.11.25"]
[SourceQuality "1"]

1. e4 e6 2. Bb5 c6 3. Ba4 Qa5 4. c3 Nf6 5. d3 b5 6. Bb3 Ba6 7. Bg5 Be7 8. Nf3 b4 9. e5 bxc3 10. Nxc3 Nd5 11. 0-0 Nxc3 12. Qd2 Bb4 13. a3 Ne4 14. Qe2 Nxg5 15. axb4 Nxf3+ 16. Qxf3 Qxe5 17. Ra5 Qxb2 18. Bc4 Bxc4 19. dxc4 Qxb4 20. Rg5 0-0 21. Qe3 Qxc4 22. Qa3 Qh4 23. Rg3 d5 24. Qb2 Qh6 25. Qb7 Na6 26. Qxa6 c5 27. Rb1 Rab8 28. Rgb3 Rxb3 29. Rxb3 Qc1+ 30. Qf1 Qxf1+ 31. Kxf1 c4 32. Rb5 Ra8 33. Ke1 g5 34. g3 Kg7 35. Rc5 a5 36. Kd1 a4 37. Kc1 a3 38. Kb1 a2+ 39. Ka1 Ra3 40. f4 gxf4 41. gxf4 c3 42. f5 Kf6 43. fxe6 fxe6 44. h4 d4 45. h5 d3 46. h6 d2 47. Rf5+ exf5 1/2-1/2